000 00204nam a22000857a 4500
008 221207b |||||||| |||| 00| 0 eng d
020 _a9788121926133
100 _aPACES
_97643
245 _aSIX DETECTIVE STORIES
999 _c12193
_d12193